Microsoft Excel 2013 / (رقم التسجيلة. 32607)

تفاصيل مارك
000 -الفاتح
حقل البيانات ثابتة الطول 01360cam a2200361 i 4500
001 - رقم الضبط
رقم الضبط 17636710
003 - محدد رقم الضبط
رقم الضبط OSt
005 - وقت وتاريخ اخر تعامل مع التسجيلة
رقم الضبط 20150408114157.0
008 - عناصر البيانات ثابتة الطول - معلومات عامة
حقل البيانات ثابتة الطول 130225s2013 nyua 001 0 eng
010 ## - رقم ضبط مكتبة الكونجرس
رقم ضبط مكتبة الكونجرس 2013004753
020 ## - الرقم الدولى المعيارى للكتب
الرقم الدولى المعيارى للكتاب 9780071805896 (alk. paper)
020 ## - الرقم الدولى المعيارى للكتب
الرقم الدولى المعيارى للكتاب 0071805893
040 ## - مصدر الفهرسة
وكالة الفهرسة الأصلية DLC
لغة الفهرسة eng
وكالة النسخ DLC
قواعد الوصف rda
وكالة التعديل DLC
042 ## - رمز التحقق
رمز التحقق pcc
050 00 - رقم طلب مكتبة الكونجرس
رقم التصنيف HF5548.4.M523
رقم المادة C782 2013
082 00 - رقم تصنيف ديوى العشرى
رقم التصنيف 005.54
رقم الطبعة 23
رقم المادة CJM
100 1# - المدخل الرئيسى - إسم شخصى
الإسم الشخصى Cronan, John.
245 10 - بيان العنوان
العنوان Microsoft Excel 2013 /
بيان المسئوليه,etc John Cronan, Marty Matthews.
246 30 - العنوان الموازى
عنوان صحيح/عنوان مختصر Excel 2013
300 ## - الوصف المادى
التعداد xviii, 270 pages :
تفاصيل ماديه اخرى للوعاء color illustrations ;
أبعاد الوعاء 21 x 26 cm.
490 0# - بيان السلسلة
عنوان السلسلة QuickSteps
500 ## - تبصرة عامة
تبصرة عامة Includes index.
630 00 - المدخل الاضافى بالموضوع - عنوان موحد
عنوان موحد Microsoft Excel (Computer file)
650 #0 - المدخل الاضافى بالموضوع-مصطلح موضوعى
مصطلح موضوعي أو اسم جغرافي كعنصر مدخل Business
التقسيم الفرعي العام Computer programs.
650 #0 - المدخل الاضافى بالموضوع-مصطلح موضوعى
مصطلح موضوعي أو اسم جغرافي كعنصر مدخل Electronic spreadsheets.
700 1# - المدخل الاضافى - اسم شخصى
الإسم الشخصى Matthews, Martin S.
856 42 - الوصول و الموقع الالكترونى
مواد محددة Contributor biographical information
معرف المصدر الموحد <a href="http://www.loc.gov/catdir/enhancements/fy1317/2013004753-b.html">http://www.loc.gov/catdir/enhancements/fy1317/2013004753-b.html</a>
856 42 - الوصول و الموقع الالكترونى
مواد محددة Publisher description
معرف المصدر الموحد <a href="http://www.loc.gov/catdir/enhancements/fy1317/2013004753-d.html">http://www.loc.gov/catdir/enhancements/fy1317/2013004753-d.html</a>
856 41 - الوصول و الموقع الالكترونى
مواد محددة Table of contents only
معرف المصدر الموحد <a href="http://www.loc.gov/catdir/enhancements/fy1317/2013004753-t.html">http://www.loc.gov/catdir/enhancements/fy1317/2013004753-t.html</a>
906 ## - عنصر بيانات محلى F, LDF (RLIN)
a 7
b cbc
c orignew
d 1
e ecip
f 20
g y-gencatlg
942 ## - عناصر المدخل الإضافي( كوها)
مصدر التصنيف او مخطط الترفيف Dewey Decimal Classification
Koha [default] item type كتاب
المقتنيات
حالة الفقد نموذج السعر الفعال حالة تلف ليس للاعارة رقم الطلب تاريخ الاكتساب الموقع الحالي الباركود الفرع الرئيسي Date last seen نوع المادة فى نظام كوها مصدر التصنيف او خطة الترفيف Total Checkouts Date last checked out
  2013-12-13     005.54 CJM 2013-12-13 المكتبة المركزية بالمجمعة (CL) 00453231 المكتبة المركزية بالمجمعة (CL) 2013-12-13 كتاب Dewey Decimal Classification    
  2013-12-13     005.54 CJM 2013-12-13 المكتبة المركزية بالمجمعة (CL) 00453232 المكتبة المركزية بالمجمعة (CL) 2013-12-13 كتاب Dewey Decimal Classification    
  2013-12-13     005.54 CJM 2013-12-13 المكتبة المركزية بالمجمعة (CL) 00453233 المكتبة المركزية بالمجمعة (CL) 2013-12-13 كتاب Dewey Decimal Classification    
  2013-12-13     005.54 CJM 2013-12-13 مكتبة مجمع الكليات بالزلفى - طلاب (SZM) 00453234 مكتبة مجمع الكليات بالزلفى - طلاب (SZM) 2013-12-13 كتاب Dewey Decimal Classification    
  2013-12-13     005.54 CJM 2013-12-13 مكتبة مجمع الكليات بالزلفى - طلاب (SZM) 00453235 مكتبة مجمع الكليات بالزلفى - طلاب (SZM) 2022-12-14 كتاب Dewey Decimal Classification 1 2022-08-29
  2013-12-13     005.54 CJM 2013-12-13 مكتبة مجمع الكليات بالزلفى - طلاب (SZM) 00453236 مكتبة مجمع الكليات بالزلفى - طلاب (SZM) 2013-12-13 كتاب Dewey Decimal Classification